| 000 | 01251nam a2200253 a 4500 | ||
|---|---|---|---|
| 001 | 1418606 | ||
| 003 | AM-YEHGA | ||
| 005 | 20250617164647.0 | ||
| 008 | 181105s1962 ru ||||gr|||||||||0|rus|d | ||
| 040 | _aAM-YeHGA | ||
| 041 | 0 | _arus | |
| 100 | 1 | _aЗаходер, Борис Николаевич | |
| 245 | 1 | 0 |
_aКаспийский свод сведений о Восточной Европе / _cБ.Н. Заходер ; АН СССР. Ин-т народов Азии. |
| 260 |
_aМосква : _bНаука, _c1962 |
||
| 300 | _aтом | ||
| 505 | 1 | 0 |
_g[Т. 1] (1962, 279 с., 1 л. портр. ; Библиогр. : с. 271-278) : _tГорган и Поволжье в IX-X вв.. |
| 650 | 1 | 4 |
_aГеографическая наука в странах Востока _y9-10 вв. |
| 650 | 1 | 4 |
_aПоволжье _xИстория _xИсточники и источниковедение _y9-10 вв. |
| 651 | 4 |
_aИран _xИстория _xИсточники и источниковедение _y9-10 вв. |
|
| 651 | 4 |
_aВосточная Европа - _xИстория _xИсточники и источниковедение |
|
| 710 | 2 | _aИнститут народов Азии АН СССР | |
| 942 |
_2udc _cBK |
||
| 090 | _c565395 | ||
| 999 |
_c527407 _d527407 |
||